000 01071nam a2200241 a 4500
001 000027899
005 20200930031202.0
008 110405s1981 dr r 001 e spa d
040 _aDO-SdBNP
_bspa
_cBNPHU
082 _a781.17
_bB716t
100 1 _aBonnelly Díaz, Aída,
_d1926-
_954967
245 1 0 _aTestimonios del canto y las palabras /
_cAída Bonnelly de Díaz.
260 _aSanto Domingo :
_bAlfa y Omega,
_c1981.
300 _a338 p. ;
_c23 cm.
505 0 _gPresentación --
_tArtículos de aporte al ambiente musical dominicano --
_tArtistas que he conocido --
_tArtículos sobre críticas --
_tArtículos pedagógicos --
_tTemas variados.
590 _aInventariado, 2018/LP
650 4 _aApreciación musical
_xEnsayos, conferencias, etc.
_954968
650 4 _aMusicos
_xEnsayos, conferencias, etc.
_954969
650 4 _aMúsica dominicana
_xEnsayos, conferencias, etc.
_ySIGLO XX
_954970
650 4 _aDiarios dominicanos
_xSecciones, columnas, etc.
_944
730 0 _aListín Diario (República Dominicana)
_91199
910 _aValidado. Control de calidad. EMS
999 _c27391
_d27391